000 00580nam a22002177a 4500
003 OSt
005 20161115180347.0
008 161115b xxu||||| |||| 00| 0 eng d
020 _a0273710869
020 _a9780273710868
040 _cDDC
082 _a150 MAR 2007
100 _aMartin, G. Neil; Carlson Neil R.; Buskist, William
_911296
245 _aPsychology
250 _a3rd ed.
260 _aEngland;
_bPearson,
_c2007
300 _axxxiii,889p; col.ill:28cm
504 _aGlossary,references, & indices included
650 _aPsychology
_931
942 _2z
_cO_SHELF
999 _c5403
_d5403